000 00330nam a22001457a 4500
005 20170401143056.0
008 170401b xxu||||| |||| 00| 0 eng d
020 _a81-8143-091-3
041 _aeng
100 _aBHANDARI,MANNU
_93771
245 _aKATHA- PATKATHA
300 _a216
650 _aVANI PRAKASHAN
_93772
942 _cBK
999 _c5381
_d5379